Mathematical and quantum aspects of relativity and cosmology : proceedings of the second Samos Meeting on Cosmology, Geometry and Relativity, held at Pythagoreon, Samos, Greece, 31 August-4 September 1998
Αποθηκεύτηκε σε:
| Συγγραφή απο Οργανισμό/Αρχή: | |
|---|---|
| Άλλοι συγγραφείς: | , |
| Μορφή: | Πρακτικό Συνεδρίου Βιβλίο |
| Γλώσσα: | English |
| Δημοσίευση: |
Berlin :
Springer,
2000.
|
| Σειρά: | Lecture notes in physics
537 |
| Θέματα: | |
| Ετικέτες: |
Προσθήκη ετικέτας
Δεν υπάρχουν, Καταχωρήστε ετικέτα πρώτοι!
|
MARC
| LEADER | 00000cam a2200000 i 4500 | ||
|---|---|---|---|
| 001 | 1/104584 | ||
| 008 | 000315s2000 gw | ||| |||| ||eng|| | ||
| 020 | |a 3540668659 | ||
| 035 | |l 10058893 | ||
| 040 | |a GR-MyUA |b gre |e AACR2 | ||
| 041 | 0 | |a eng | |
| 082 | 0 | |a 530.11 | |
| 111 | 2 | |a Samos Meeting on Cosmology, Geometry and Relativity |n (2nd : |d 1998 : |c Samos, Greece) | |
| 245 | 1 | 0 | |a Mathematical and quantum aspects of relativity and cosmology : |b proceedings of the second Samos Meeting on Cosmology, Geometry and Relativity, held at Pythagoreon, Samos, Greece, 31 August-4 September 1998 / |c Spiros Cotsakis, Gary W. Gibbons, eds. |
| 260 | |a Berlin : |b Springer, |c 2000. | ||
| 300 | |a vi, 251 σ. : |b εικ. ; |c 24 εκ. | ||
| 490 | 1 | |a (Lecture notes in physics |v ; 537) | |
| 504 | |a Περιέχει βιβλιογραφικές αναφορές. | ||
| 650 | 0 | 0 | |a General relativity (Physics) |x Congresses. |
| 650 | 0 | 0 | |a Cosmology |x Congresses. |
| 650 | 0 | 0 | |a Space and time |x Congresses. |
| 700 | 1 | |a Cotsakis, Spiros, |d 1963- |e edt | |
| 700 | 1 | |a Gibbons, G. W. |e edt | |
| 830 | 0 | |a Lecture notes in physics |v 537 | |
| 852 | |a INST |b SAMOS |e 20000315 |h 530.11 SAM |p 005300017988 |q 005300017988 |t BK |y 0 | ||
| 852 | |a INST |b SAMOS |e 20000315 |h 530.11 SAM |p 005300017989 |q 005300017989 |t BK |y 0 | ||
| 901 | |a BIBL3-2000-1 | ||
| 970 | |a ΠΟΥΡΝΑΡΑΣ |b ΔΗΜΗΤΡΗΣ |z 2000/03/15 | ||